Atlas of Implant Dentistry and Tooth-Preserving Surgery Prevention and Management of Complications /

This atlas is unique in comparing the two disciplines of dental implant surgery and tooth-preserving surgery with respect to common procedures, problems, and failures and in providing excellent guidance on the prevention and management of complications. The etiology of a wide variety of implant-rela...

Πλήρης περιγραφή

Λεπτομέρειες βιβλιογραφικής εγγραφής
Κύριος συγγραφέας: Stajčić, Zoran (Συγγραφέας)
Συγγραφή απο Οργανισμό/Αρχή: SpringerLink (Online service)
Μορφή: Ηλεκτρονική πηγή Ηλ. βιβλίο
Γλώσσα:English
Έκδοση: Cham : Springer International Publishing : Imprint: Springer, 2017.
Θέματα:
Διαθέσιμο Online:Full Text via HEAL-Link
LEADER 03413nam a22004335i 4500
001 978-3-319-42124-7
003 DE-He213
005 20170329141238.0
007 cr nn 008mamaa
008 170329s2017 gw | s |||| 0|eng d
020 |a 9783319421247  |9 978-3-319-42124-7 
024 7 |a 10.1007/978-3-319-42124-7  |2 doi 
040 |d GrThAP 
050 4 |a RK1-715 
072 7 |a MMD  |2 bicssc 
072 7 |a MED016000  |2 bisacsh 
082 0 4 |a 617.6  |2 23 
100 1 |a Stajčić, Zoran.  |e author. 
245 1 0 |a Atlas of Implant Dentistry and Tooth-Preserving Surgery  |h [electronic resource] :  |b Prevention and Management of Complications /  |c by Zoran Stajčić. 
264 1 |a Cham :  |b Springer International Publishing :  |b Imprint: Springer,  |c 2017. 
300 |a XVIII, 334 p. 90 illus. in color.  |b online resource. 
336 |a text  |b txt  |2 rdacontent 
337 |a computer  |b c  |2 rdamedia 
338 |a online resource  |b cr  |2 rdacarrier 
347 |a text file  |b PDF  |2 rda 
505 0 |a Etiology of Complications and Failures -- Common Measures and Obstacles Related to Dental Implant and Teeth Preserving Surgery -- Teeth Preserving Surgical Procedures Revisited: Apicoectomy -- Cystectomy -- Replantation and Transplantation of Teeth -- Periodontal Surgery -- Endo-Perio Surgery -- Mucogingival Surgery -- Vestibuloplasty -- Orthodontic Surgery -- Complications and Failures Related to Implant Dentistry – Etiology, Management and Prevention: Implant Related -- Non-Implant Related -- Explantation Techniques -- Prosthetic Complications -- Hints and Tips for Avoiding Complications: General Considerations -- Avoiding Dental Implant Complications -- Avoiding Teeth Preserving Surgery Complications. 
520 |a This atlas is unique in comparing the two disciplines of dental implant surgery and tooth-preserving surgery with respect to common procedures, problems, and failures and in providing excellent guidance on the prevention and management of complications. The etiology of a wide variety of implant-related and non-implant-related complications and failures is carefully explained. Since many complications have their roots in oral and periodontal surgical maneuvers, these maneuvers are themselves discussed and extensively illustrated. The most frequently used tooth preservation procedures are also fully described, with emphasis on correct surgical technique as a means to avoid complications. The use of these procedures is constantly weighed against the effects of tooth removal and insertion of dental implants. The text is complemented by the inclusion of a substantial number of helpful references. While the atlas is intended primarily for dentists involved in outpatient implant dentistry and oral surgery, oral and maxillofacial surgeons will also find the descriptions of innovative techniques or maneuvers to be of interest, including those relating to the selection of incision and flap design and the sinus floor elevation techniques. 
650 0 |a Dentistry. 
650 0 |a Oral surgery. 
650 0 |a Maxillofacial surgery. 
650 1 4 |a Dentistry. 
650 2 4 |a Dentistry. 
650 2 4 |a Oral and Maxillofacial Surgery. 
710 2 |a SpringerLink (Online service) 
773 0 |t Springer eBooks 
776 0 8 |i Printed edition:  |z 9783319421223 
856 4 0 |u http://dx.doi.org/10.1007/978-3-319-42124-7  |z Full Text via HEAL-Link 
912 |a ZDB-2-SME 
950 |a Medicine (Springer-11650)